000 00562nam a2200193Ia 4500
005 20260114185617.0
008 008 260114s9999 xx 000 0 eng d
020 _a9798216012993
037 _aEBOOK
040 _aCRL
_beng
_cCRL
041 _aeng
_2eng
084 _qCRL
100 _aRussell M. Lawson
_9872185
245 0 _aServants and Servitude in Colonial America
260 _bBloomsbury
_c2018
856 _uhttps://doi.org/10.5040/9798216012993?locatt=label:secondary_bloomsburyCollections
942 _cEBOOK
999 _c1471133
_d1471133